| 000 | 01079ci a2200337 4500 | ||
|---|---|---|---|
| 001 | J83975 | ||
| 008 | 090401t1997 xxu||||| |||| 00| 0 eng d | ||
| 035 | _a(Sirsi) u78360 | ||
| 041 | _aeng | ||
| 050 | _a333.0017 | ||
| 100 | _aLand, Howard | ||
| 245 | _aProfessional ethics and the chartered surveyor (sound recording). | ||
| 260 |
_aLondon _bRICS _c1997 |
||
| 300 | _a1 audiocassette (60 mins.) | ||
| 350 | _a14.1 | ||
| 490 | _aOwlion Audio Programme | ||
| 520 | _aExamines some aspects of practice where a surveyor might be tempted to gain a personal advantage over his client or behave in an improper manner. | ||
| 650 | _aAUDIO CASSETTES | ||
| 650 | _aABOUT RICS-RICS MEMBERS | ||
| 650 | _aETHICAL BEHAVIOUR | ||
| 650 | _aPROFESSIONAL ETHICS | ||
| 690 | _aPROFESSIONAL PRACTICE | ||
| 700 | _aAnderson, John | ||
| 700 | _aFaulkner, Peter | ||
| 700 | _aPottinger, Gaye | ||
| 700 | _aSaunders, David | ||
| 710 |
_aRoyal Institution of Chartered Surveyors _94900 |
||
| 710 |
_aCollege of Estate Management _9400 |
||
| 942 | _n0 | ||
| 948 | _c15/05/1997 | ||
| 999 |
_c85349 _d85349 |
||